000 00716nab a2200229u 4500
001 08159
003 HDC
007 c| |||a|c|aaaa
008 210129b20190422my ||||| |||| 00| 0 may d
040 _aHDC
245 0 _aEksport PKS diunjur terus mengukuh
336 _atext
_2rdacontent
337 _acomputer
_2rdamedia
338 _aonline resource
_2rdacarrier
650 _aExports
_91048
650 _aSmall and medium enterprises (SME)
_97657
710 _aBerita Harian
856 _zRequest full-text at [email protected]
942 _2lcc
942 _cNEWS
942 _kNWSC 001491
999 _c5482
_d5482